000 01193nam a22003377a 4500
001 000041474
003 CHAP
005 20220329135658.0
008 971013s1968 r 00010 d
010 _a40416
011 _a41388
035 _a45514
040 _cCHAP
082 0 4 _a338.1771
_bE5
110 2 _aENA. Colegio de Postgraduados. Chapingo, Méx. Centro de Economía Agrícola
_936680
245 0 _aProyecto de mejoramiento y ampliación de la producción de leche en el ejido de San Bernardino, Texcoco, Méx.
260 _aChapingo, Méx. :
_bENA,
_c1968.
300 _a(s.p.).
500 _aCurso de preparación, evaluación y financiamiento de proyectos
590 _aBATCH-UPD
_b10
_c20130110
_lUCH01
_h1959
590 _aBATCH-UPD
_b10
_c20130410
_lUCH01
_h1319
590 _aBATCH-UPD
_b10
_c20130914
_lUCH01
_h1716
590 _aCONVERSION
_b10
_c20130109
_lUCH01
_h1322
590 _aE5995AHE
_b05
_c20150220
_lUCH01
_h0855
650 1 4 _aLeche
_xProducción.
_965400
901 _aBK
942 _cLIBRO
942 _n0
949 _a338.1771 E5
_bBC
_cLIBRO
_d33724000415071
_eLIBRO
_h11533
_i45514
_si
949 _a338.1771 E5
_bBC
_cUACH
_d-103949
_eUACH
_fc.2
_h31925
_i45514
_si
999 _c40416
_d40416